Rzymscy odpowiednicy bogów greckich - Statystyki

Ogólne statystyki
  • Ten quiz został rozwiązany 316 razy
  • Średni wynik to 11 z 20
Statystyki odpowiedzi
Hint Odpowiedź % Poprawnych
Posejdon Neptun
93%
Zeus Jowisz (Jupiter)
90%
Ares Mars
89%
Afrodyta Wenus
84%
Hades Pluton
71%
Hera Junona
57%
Eros Amor
54%
Atena Minerwa
53%
Kronos Saturn
53%
Apollo Apollo (Febus)
50%
Hefajstos Wulkan
50%
Hestia Westa
49%
Dionizos Bachus
45%
Artemida Diana
44%
Nike Wiktoria
40%
Demeter Ceres
37%
Helios Sol
29%
Pan Faun
26%
Gaja Terra
21%
Persefona Prozerpina
20%
Nie znaleziono quizów pasujących do podanych kryteriów
Rozkład punktacji
Procent ludzi z każdym wynikiem
Percentyl według liczby udzielonych odpowiedzi
Twoja historia wyników
Nie rozwiązałeś tego quizu